000 01752nam0a2200349 4500
001 RU\NLR\bibl\1168230
005 20241119165358.0
020 _aRU
_b07-16241
_9Летопись авторефератов диссертаций
021 _aRU
_b2007-10273а
_9411а
035 _a(NLR Aleph) 001154935
090 _a1501159
_c1501159
100 _a20070727d2007 u u0rusy50 ca
101 0 _arus
102 _aRU
105 _ay dm |||||
200 1 _aМеждународно-правовые аспекты организации бюджетного контроля в государствах Европейского Союза
_e(на примере шести стран,имеющих общие границы)
_eавтореф. дис. на соиск. учен. степ. д-ра юрид. наук
_eспециальность 12.00.10 <Междунар. право. Европ. право>
_fБаяхчева Светлана Леонидовна
_g[МГГУ]
210 _aМосква
_d2007
215 _a38 с.
_d21
320 _aБиблиогр.: с. 37-38 (7 назв.) и в подстроч. примеч.
610 0 _aСтраны Европейского Союза, юрид. науки
675 _a336.148(4)
_v3
_zrus
686 _a06.75
_2rugasnti
686 _a65.26
_2rubbk
686 _a12.00.10
_2oksvnk
700 1 _aБаяхчева
_bС. Л.
_gСветлана Леонидовна
_4070
801 0 _aRU
_bRKP
_c20070727
_gPSBO
801 1 _aRU
_bRKP
_c20070727
801 2 _aRU
_bNLR
_c20071214
_grcr
901 _eАвторефераты
942 _cBOOK
981 1 0 _a(10) Авторефераты